Crescent City Characters Quiz - Statistics

General Stats
  • This quiz has been taken 1,284 times
    1,282 since last reset
  • The average score is 21 of 43
Answer Stats
Hint Answer % Correct
Main character Bryce
100%
Umbra Mortis Hunt
99%
Wolf leader Danika
89%
Fae prince Ruhn
89%
Would-be date Connor
80%
Bryce's boss Jesiba
78%
Mercenary Fury
76%
Sunball player Ithan
72%
Archangel of Crescent City Micah
72%
Ballet dancer Juniper
71%
Techy Fae friend; _____ Emmet Declan
70%
Bryce's mom Ember
68%
Father The Autumn King
63%
Meat Market ruler Viper Queen
63%
Alpha of the Scythe Moon Pack Sabine
62%
Medwitch / witch queen Hypaxia
61%
Bryce's pet Syrinx
58%
Hunt's former owner Sandriel
57%
Visits in the form of a white cat Aidas
56%
Stepfather; sharpshooter Randall
53%
Triarii leader Isaiah
48%
Hunt's past love Shahar
44%
Bullies Bryce Amelie
43%
Nickname Hammer Pollux
43%
Flirty Fae friend; ____ Flynn Tristan
43%
Female triarii who watches over Bryce Naomi
42%
Triarii member; wraith Viktoria
42%
Rich boyfriend Reid
40%
3-letter God Urd
35%
Triarii member; youngest Justinian
34%
Wolf with a crush on Danika Thorne
34%
Creature in water tank Nokk
31%
Wolf twin; girl Zelda
28%
Danika's third Nathalie
26%
Bright Hand of the Asteri Rigelus
24%
Wolf twin; boy Zach
21%
Lead the human rebellion before getting jailed Philip Briggs
20%
Wolf in Pack of Devils Bronson
18%
Wolf in Pack of Devils Bronson
18%
Owner of The White Raven Riso
14%
Vampyr Maximus Tertian
12%
Apartment receptionist Marrin
10%
Tiny fire sprite Lahebah
9%
No matching quizzes found
Score Distribution
Percent of People with Each Score
Percentile by Number Answered
Your Score History
You have not taken this quiz since the last reset